000
00312nam a2200133Ia 4500
005
20251222152045.0
008
251222s9999||||xx |||||||||||||| ||spa||
020
_a
401889
082
_a
630/I59
245
0
_a
Técnica Pecuaria en México
250
_a
1ra.ed.
264
_b
Print and Pack Masters
942
_c
LIB
999
_c
26209
_d
26209